BSOP header

基督教神學與教義圖表Ji du jiao shen xue yu jiao yi tu biao (Record no. 34688)

MARC details
000 -LEADER
fixed length control field 01219nam a2200289 4500
008 - FIXED-LENGTH DATA ELEMENTS--GENERAL INFORMATION
fixed length control field 100914s1999 ch a 000 0 chi
020 ## - INTERNATIONAL STANDARD BOOK NUMBER
International Standard Book Number 9579337977 :HK93.00/83.70/Php517.77
020 ## - INTERNATIONAL STANDARD BOOK NUMBER
International Standard Book Number 9789579337977
041 1# - LANGUAGE CODE
Language code of text/sound track or separate title chi
Language code of original and/or intermediate translations of text eng
090 ## - LOCALLY ASSIGNED LC-TYPE CALL NUMBER (OCLC); LOCAL CALL NUMBER (OCLC)
Classification number (OCLC) (R) ; Classification number, CALL (RLIN) (NR) BT77.3
Local cutter number (OCLC) ; Book number/undivided call number, CALL (RLIN) H81c
-- c.2
100 1# - MAIN ENTRY--PERSONAL NAME
Personal name 韋恩.郝思 House, H. Wayne.
240 10 - UNIFORM TITLE
Uniform title Charts of Christian theology and doctrine.
Language of a work Chinese
245 00 - TITLE STATEMENT
Title 基督教神學與教義圖表Ji du jiao shen xue yu jiao yi tu biao
246 10 - VARYING FORM OF TITLE
Title proper/short title Charts of Christian theology and doctrine/
-- 韋恩.郝思 Weiyin Haosi zhu ; Hua shen chu ban she yi.
260 ## - PUBLICATION, DISTRIBUTION, ETC. (IMPRINT)
Place of publication, distribution, etc Taibei :
Name of publisher, distributor, etc Zhonghua fu yin shen xue yuan,
Date of publication, distribution, etc c1999.
300 ## - PHYSICAL DESCRIPTION
Extent 145 p. :
Other physical details ill. ;
Dimensions 28 cm.
490 1# - SERIES STATEMENT
Series statement 神學系列 Shen xue xi lie ;
Volume number/sequential designation 21
490 1# - SERIES STATEMENT
Series statement 圖表系列叢書 Tu biao xi lie cong shu
504 ## - BIBLIOGRAPHY, ETC. NOTE
Bibliography, etc Bibliography: p. 141-145.
546 ## - LANGUAGE NOTE
Language note Text in Chinese.
650 #4 - SUBJECT ADDED ENTRY--TOPICAL TERM
Topical term or geographic name as entry element Theology, Doctrinal
Form subdivision Charts, diagrams, etc. {ch}
650 #4 - SUBJECT ADDED ENTRY--TOPICAL TERM
Topical term or geographic name as entry element Theology, Doctrinal
Form subdivision Outlines, syllabi, etc. {ch}
951 ## - EQUIVALENCE OR CROSS-REFERENCE-GEOGRAPHIC NAME/AREA NAME [OBSOLETE] [CAN/MARC only]
General subdivision 00039826
710 22 - ADDED ENTRY--CORPORATE NAME
Corporate name or jurisdiction name as entry element Hua shen chu ban she.
830 #0 - SERIES ADDED ENTRY--UNIFORM TITLE
Uniform title Shen xue xi lie (Zhonghua fu yin shen xue yuan) ;
Volume number/sequential designation v. 21.
951 ## - EQUIVALENCE OR CROSS-REFERENCE-GEOGRAPHIC NAME/AREA NAME [OBSOLETE] [CAN/MARC only]
-- C-9872
-- REF-CHBT77.3/H81c/c.2
-- 100914140628343
-- 2000-12-21
-- Ref-CH
Holdings
Withdrawn status Lost status Damaged status Not for loan Home library Current library Shelving location Date acquired Accession number Shelving control number Total Checkouts Full call number Barcode Date last seen Price effective from Koha item type
        BSOP Library BSOP Library   12/21/2000 C-9872 127   REF-CHBT77.3/H81c/c.2 00039826 02/23/2013 02/23/2013 Books
BSOP

Biblical Seminary of the Philippines
  All rights Reserved
  © 2024

CONTACT INFORMATION

Biblical Seminary of the Philippines,
  77-B Karuhatan Road, Valenzuela City,
  PHILIPPINES 1441
  Phone: +632 8292-6795 / 8292-6798
  Fax : +632 8292-6675
  Email: library@bsop.edu.ph